000 00767cab a2200253 4500
001 ABS57595
008 090401t1997 xxu||||| |||| 00| 0 eng d
035 _a(Sirsi) u81156
041 _aeng
100 _aBolton, A.
245 _aFanning the PFI flame
260 _c1997
350 _a0
490 _aNew Civil Engineer
_v25 September 1997, 19-25(7)
520 _aSpecial report on PFI. Profiles the heads of the local government and Treasury PFI task forces and examines the first PFI hospital deal.
650 _aHEALTH SECTOR
650 _aHOSPITAL CONSTRUCTION
650 _aLOCAL GOVERNMENT
650 _aPFI
650 _aPRIVATE FINANCE INITIATIVE
690 _aPROPERTY-PROPERTY FINANCE AND INVESTMENT
942 _n0
948 _c30/09/1997
999 _c51144
_d51144